[Event "EU-ch U10 rapid"]
[Site "Terme Catez"]
[Date "2023.09.28"]
[Round "2"]
[White "Minga Nagy, Abel Inti"]
[Black "Kryshtafor, Maksym"]
[Result "1-0"]
[WhiteElo "1948"]
[BlackElo "1461"]
[PlyCount "92"]
[EventDate "2023.09.28"]
[EventType "swiss (rapid)"]
[EventRounds "9"]
[EventCountry "SLO"]
[SourceTitle "EXT 2024"]
[Source "ChessBase"]
[SourceDate "2023.10.10"]
[SourceVersion "1"]
[SourceVersionDate "2023.10.10"]
[SourceQuality "1"]

1. e4 e5 2. Nf3 Nc6 3. d4 exd4 4. Bc4 Nf6 5. e5 d5 6. Bb5 Ne4 7. Nxd4 Bd7 8. Bxc6 Bxc6 9. 0-0 Bc5 10. Be3 Bxd4 11. Bxd4 Bb5 12. Re1 c5 13. Be3 d4 14. Bxd4 Qxd4 15. Qxd4 cxd4 16. Rxe4 0-0-0 17. Nd2 Rhe8 18. Nb3 d3 19. cxd3 Bxd3 20. Re3 Kb8 21. h3 Bc4 22. Rae1 b6 23. Rc3 Bd5 24. f4 Rc8 25. Rec1 Rxc3 26. Rxc3 Kb7 27. Nd4 a6 28. Nf5 Rf8 29. Nd6+ Kb8 30. a3 f6 31. Rd3 Bg8 32. Rc3 fxe5 33. fxe5 Bd5 34. Rd3 Be6 35. Ne4 Rf5 36. Rd6 Rxe5 37. Ng5 Rxg5 38. Rxb6+ Kc8 39. Rxe6 Rb5 40. b4 a5 41. bxa5 Rxa5 42. Re7 Rxa3 43. Rxg7 h6 44. Rg6 h5 45. Rg5 h4 46. Rg4 Ra1+ 1-0

[Event "HUN-ch U10/14"]
[Site "Buek"]
[Date "2023.06.21"]
[Round "4"]
[White "Minga Nagy, Abel Inti"]
[Black "Kiss, Mate Botond"]
[Result "0-1"]
[WhiteElo "1751"]
[BlackElo "1204"]
[PlyCount "96"]
[EventDate "2023.06.17"]
[EventType "swiss"]
[EventRounds "9"]
[EventCountry "HUN"]
[SourceTitle "CBM 215 Extra"]
[Source "ChessBase"]
[SourceDate "2023.09.30"]
[SourceVersion "1"]
[SourceVersionDate "2023.09.30"]
[SourceQuality "1"]

1. e4 e5 2. Nf3 Nc6 3. d4 exd4 4. Bc4 Be7 5. Nxd4 d6 6. 0-0 Nf6 7. Nc3 0-0 8. a3 a5 9. Be3 h6 10. f3 Nxd4 11. Bxd4 c5 12. Be3 Be6 13. Bxe6 fxe6 14. Qd2 Nh7 15. f4 Qd7 16. f5 Bg5 17. Bxg5 Nxg5 18. h4 Nh7 19. e5 Rad8 20. Rad1 d5 21. f6 gxf6 22. exf6 Rxf6 23. Rxf6 Nxf6 24. Qxh6 Qg7 25. Qe3 Re8 26. Qxc5 Ra8 27. Qd6 Qg4 28. Rd3 Nh5 29. Re3 Nf4 30. g3 d4 31. Qxf4 Qxf4 32. gxf4 dxe3 33. Kg2 Rd8 34. Ne4 Rd4 35. Kf3 e2 36. Kxe2 Rxe4+ 37. Kf3 Rd4 38. Ke3 Rd5 39. b3 Rh5 40. Ke4 Kf7 41. c4 Rxh4 42. b4 a4 43. b5 Rh3 44. c5 Rxa3 45. Kd4 Rb3 46. Kc4 Ke7 47. c6 bxc6 48. bxc6 Kd6 0-1

[Event "HUN-chT U18"]
[Site "Budapest"]
[Date "2021.10.27"]
[Round "7.35"]
[White "Sebok, Daniel"]
[Black "Minga Nagy, Abel Inti"]
[Result "0-1"]
[WhiteElo "1248"]
[BlackElo "1132"]
[PlyCount "116"]
[EventDate "2021.10.24"]
[EventType "team-tourn"]
[EventRounds "7"]
[EventCountry "HUN"]
[SourceTitle "CBM 205 Extra"]
[Source "ChessBase"]
[SourceDate "2022.01.31"]
[SourceVersion "1"]
[SourceVersionDate "2022.01.31"]
[SourceQuality "1"]

1. d4 Nf6 2. c4 g6 3. Nc3 Bg7 4. e3 0-0 5. Bd3 d6 6. d5 e5 7. dxe6 Bxe6 8. Nf3 Nbd7 9. e4 Ne5 10. Nxe5 dxe5 11. Nd5 c6 12. Nxf6+ Qxf6 13. Be3 Rad8 14. Qe2 Qe7 15. 0-0-0 a6 16. h4 h5 17. f3 b5 18. g4 hxg4 19. fxg4 Qb4 20. Qd2 Qxd2+ 21. Rxd2 Bxg4 22. Bb6 Bh6 23. Bxd8 Rxd8 24. Kc2 Bxd2 25. Kxd2 bxc4 26. Kc3 cxd3 27. Kd2 Be2 28. Rc1 Rd6 29. Rc5 f6 30. Ra5 Kh7 31. Rxa6 Kh6 32. b4 Rd4 33. a4 Rxb4 34. Ra8 Rxe4 35. a5 Ra4 36. a6 f5 37. a7 Kg7 38. h5 gxh5 39. Re8 Rxa7 40. Rxe5 Rf7 41. Rc5 Rf6 42. Ke3 h4 43. Rc4 Rd6 44. Kd2 Bg4 45. Rb4 h3 46. Rb7+ Kg6 47. Rb3 h2 48. Rxd3 Rxd3+ 49. Kxd3 h1Q 50. Ke3 Qe4+ 51. Kd2 Qf3 52. Kc2 Qe3 53. Kb2 Qd3 54. Ka1 Qd2 55. Kb1 Bf3 56. Ka1 Bd5 57. Kb1 Be6 58. Ka1 Qa2# 0-1